Normal view
MARC view
- Lo Vuolo, Rubén Mario
Entry Nombre Personal
001 - NUMERO DE CONTROL
- campo de control: 33677
003 - IDENTIFICADOR DE NUMERO DE CONTROL
- campo de control: UPN
005 - FECHA Y HORA DE LA ÜLTIMA TRANSACCIÓN
- campo de control: 20210219194445.0
008 - DATOS DE LONGITUD FIJA
- campo de control de longitud fija: nabaccnnaabn|||||||||| b |nc|||||d
035 ## - NUMERO DE CONTROL
- Número de control: UPN11000005784
040 ## - FUENTE DE CATALOGACIÓN
- Lenguaje de catalogación: SPA
- Agencia de transcripción: UPN
100 1# - ENCABEZAMIENTO - NOMBRE PERSONAL
- Nombre personal: Lo Vuolo, Rubén Mario
670 ## - FUENTE EN LA QUE SE LOCALIZARON DATOS
- Cita de la fuente: T
- Información localizada: Distribución y crecimiento
680 ## - NOTA PUBLICA DE ACCESO PÚBLICO
- Frase explicativa de la referencia: Egresado de la Universidad Nacional del Litoral (Argentina) y de la University of Pittburg (EUA)
902 ## - CATALOGADOR
- Catalogador: MCM/100613
